Представление документа в формате MARC21

ПолеНазваниеЗначение
  Тип записи a
  Библиографический уровень m
001 Контрольный номер RU\infra-m\znanium\bibl\2233435
005 Дата корректировки 20260429142312.0
008 Кодируемые данные 260120s2025 RU g rus u
020 Индекс ISBN __
a ISBN 978-5-9614-2254-2
040 Источник каталогиз. __
a Служба первич. каталог. Общество с ограниченной ответственностью «ЗНАНИУМ»
041 Код языка издания __
a Код языка текста rus
044 Код страны публикации __
a Код страны публикации RU
080 Индекс УДК __
a Индекс УДК 3367
084 Индекс другой классификации/Индекс ББК __
2 Источник индекса rubbk
a Индекс другой классификации/Индекс ББК 6505
084 Индекс другой классификации/Индекс ББК __
2 Источник индекса okso
a Индекс другой классификации/Индекс ББК 38.03.01
100 Автор __
a Автор Элдер А.
q Полное имя Элдер Александр
245 Заглавие __
a Заглавие Самый сильный сигнал в техническом анализе: Расхождения и развороты трендов
b Продолж. заглавия Практическое пособие
250 Сведения об издании __
a Основные сведения об издании 1
260 Выходные данные __
a Место издания Москва
b Издательство ООО "Альпина Паблишер"
c Дата издания 2026
300 Физическое описание __
a Объем 96 с.
520 Аннотация __
a Аннотация Расхождение — самый надежный и оперативный сигнал разворота тренда. Александр Элдер один из ведущих мировых специалистов по трейдингу показывает как на практике использовать расхождение (несогласованность поведения индикаторов и цен). Книга будет интересна как долгосрочным инвесторам и трейдерам так и специалистам по внутридневной торговле. Она написана доступным языком и содержит упражнения для закрепления материала.
521 Примеч. о цел. назн. __
a Примеч. о целев. назн. Дополнительное профессиональное образование
650 Тематические рубрики __
a Основная рубрика Экономика. Бухгалтерский учет. Финансы
x Основная подрубрика Ценные бумаги. Биржевое дело
655 Указ. предметных рубрик (устаревшее) __
a Жанр/ форма (устаревшее) Практическое пособие
856 Электронный адрес документа 4_
a Имя сервера/домена znanium.ru
m Помощь ebs_support@infra-m.ru
n Местонахождение сервера НИЦ ИНФРА-М
u URL https://znanium.ru/catalog/document?id=472513
856 Электронный адрес документа 48
a Имя сервера/домена znanium.ru
d Путь /cover/2233
f Электронное имя 2233435.jpg
q Тип электронного формата image/jpeg
u URL https://znanium.ru/cover/2233/2233435.jpg
911 __
u 0030=https://znanium.ru/catalog/document?id=472513